00353pab a2200121 454500008004000000100001800040245006700058260000900125300001100134362000900145650003400154773004300188180718b1988 xxu||||| |||| 00| 0 eng d aSelvaraju, V. aFactory sector of all India and KarnatakabA comparative study c1988 a320-33 aJan. aFactories - India - Karnataka aIndian Journal of Industrial Relations